La última crisis del sistema capitalista /
Uloženo v:
| Hlavní autor: | |
|---|---|
| Médium: | Text |
| Tagy: |
Přidat tag
Žádné tagy, Buďte první, kdo vytvoří štítek k tomuto záznamu!
|
MARC
| LEADER | 00000 a a2200000 04500 | ||
|---|---|---|---|
| 001 | 47607 | ||
| 003 | |||
| 040 | |||
| 100 | |a Pinzón Martínez, Moisés | ||
| 245 | |a La última crisis del sistema capitalista / |c Moisés Pinzón Martínez | ||
| 773 | |g número509, (2013), páginas 99-114 | ||
| 999 | |c 38033 |d 38033 | ||
